Catálogo

Vista normal Vista MARC

Entrada Personal Name

Número de registros utilizados en: 1

001 - CONTROL NUMBER

  • control field: 17326

003 - CONTROL NUMBER IDENTIFIER

  • control field: DLC

005 - DATE AND TIME OF LATEST TRANSACTION

  • control field: 20250714154335.0

008 - FIXED-LENGTH DATA ELEMENTS

  • fixed length control field: 960212n| azannaabn |a aaa

010 ## - LIBRARY OF CONGRESS CONTROL NUMBER

  • LC control number: n 96012610
  • Canceled/invalid LC control number: no2006082200

035 ## - SYSTEM CONTROL NUMBER

  • System control number: (CaEvSKY)skya4245639

035 ## - SYSTEM CONTROL NUMBER

  • System control number: (OCoLC)oca04007118

040 ## - CATALOGING SOURCE

  • Original cataloging agency: DLC
  • Language of cataloging: spa
  • Description conventions: rda
  • Transcribing agency: Mx-PuUPA
  • Modifying agency: OCoLC
  • Modifying agency: LNT
  • Modifying agency: DLC
  • Modifying agency: CSt
  • Modifying agency: DLC
  • Modifying agency: MX-MxCID
  • Modifying agency: OCoLC
  • Modifying agency: Mx-PuUPA

046 ## - SPECIAL CODED DATES

  • Birth date: 1972
  • Source of date scheme: edtf

100 1# - HEADING--PERSONAL NAME

  • Personal name: Córdova Vianello, Lorenzo,
  • Dates associated with a name: 1972-

370 ## - ASSOCIATED PLACE

  • Place of birth: Distrito Federal (México)

373 ## - ASSOCIATED GROUP

  • Associated group: Universidad Nacional Autónoma de México. Instituto de Investigaciones Jurídicas
  • Associated group: Universidad Nacional Autónoma de México. Facultad de Derecho
  • Associated group: Instituto Nacional Electoral (México)
  • Source of term: naf

374 ## - OCCUPATION

  • Occupation: Investigador
  • Occupation: Profesor
  • Occupation: Autor

375 ## - GENDER

  • Gender: hombre
  • Source of term: lcdgt

377 ## - ASSOCIATED LANGUAGE

  • Language code: spa

400 1# - SEE FROM TRACING--PERSONAL NAME

  • Personal name: Vianello, Lorenzo Córdova,
  • Dates associated with a name: 1972-

400 1# - SEE FROM TRACING--PERSONAL NAME

  • Personal name: Córdova, Lorenzo,
  • Dates associated with a name: 1972-

400 1# - SEE FROM TRACING--PERSONAL NAME

  • Personal name: Córdova V., Lorenzo
  • Fuller form of name: (Córdova Vianello),
  • Dates associated with a name: 1972-

400 1# - SEE FROM TRACING--PERSONAL NAME

  • Control subfield: nne
  • Personal name: Córdova Vianello, Lorenzo
  • Dates associated with a name: 1972-

670 ## - SOURCE DATA FOUND

  • Source citation: Ensayos sobre presidencialismo mexicano, 1994:
  • Information found: t.p. (Córdova) front flap (Lorenzo Córdova Vianello; b. México, D.F., 1972)

670 ## - SOURCE DATA FOUND

  • Source citation: Elecciones, dinero y corrupción, 2006:
  • Information found: t.p. (Lorenzo Córdova) verso t.p. (Lorenzo Córdova Vianello) front flap (b. 1972, Distrito Federal [Mexico]; full-time researcher, Instituto de Investigaciones Jurídicas de la UNAM; professor, Facultad de Derecho, UNAM)

670 ## - SOURCE DATA FOUND

  • Source citation: Estudios sobre la reforma electoral 2007, 2008 :
  • Information found: t.p. (Lorenzo Córdova Vianello)

670 ## - SOURCE DATA FOUND

  • Source citation: Democracia y reglas del juego, 2010:
  • Information found: t.p. (Lorenzo Córdova V.)

670 ## - SOURCE DATA FOUND

  • Source citation: Wikipedia, via WWW, May. 27, 2016
  • Information found: (Lorenzo Córdova Vianello; Graduate in Law, Mexican researcher and academic; on April 3, 2014 he was elected as the first president of the Instituto Nacional Electoral (INE); lines of research: electoral law, Constitutional Law)
  • Uniform Resource Identifier: https://es.wikipedia.org/wiki/Lorenzo_C%C3%B3rdova_Vianello